El ejido, vida y derecho del campesino mexicano : síntesis de una labor /

Esta obra contiene pruebas de los mejoramientos logrados durante la presidencia de Manuel Avila Camacho, en pro de la clase campesina.

Guardado en:
Detalles Bibliográficos
Autor principal: Leyva Velázquez, Gabriel (autor)
Formato: Libro
Idioma:Español
Temas:
Etiquetas: Agrega una etiqueta
Sin etiquetas, Sé el primero en etiquetar este registro!

MARC

LEADER 00000nam^a2200000^a^4500
001 000120572
005 20250521000000.0
009 20260310094355.219
037 |a Acervo ITESO - Biblioteca 
041 |a ESP 
082 |a 333. 20972  |b LEY 
100 |a Leyva Velázquez, Gabriel  |e (autor) 
245 1 3 |a El ejido, vida y derecho del campesino mexicano :  |b síntesis de una labor /  |c G. Leyva Velázquez. 
264 |a México :  |b editorial no identificada,  |c 1946 
300 |a 607 p. 
336 |a texto  |b txt  |2 rdacontenido 
337 |a sin mediación  |b n  |2 rdamedio 
338 |a volumen  |b nc  |2 rdasoporte 
520 |a Esta obra contiene pruebas de los mejoramientos logrados durante la presidencia de Manuel Avila Camacho, en pro de la clase campesina. 
649 |a XX 
650 |a Campesinos Mexicanos 
650 |a Ejidos -  |z México 
650 |a Agricultura -  |z México 
650 |a Economía de la Tierra -  |z México 
650 |a Política Agraria -  |z México 
650 |a Derecho Agrario -  |z México 
650 |a Economía -  |z México -  |x Historia -  |y 1940-1946 
650 |a México -  |x Historia -  |y 1940-1946 
910 |a Fondo Salvador Reynoso Reynoso 
920 |a Impresos - Libros 
930 |a Fondos Especiales 
905 |a 112 
901 |a 0800005682  |b IT2  |c ESP  |u 20250521 
902 |a https://opac.biblio.iteso.mx/vufind/Record/000120572